| 000 | 00855nam a2200253 i 4500 | ||
|---|---|---|---|
| 001 | 7748 | ||
| 003 | KOSZ 005 | ||
| 005 | 20200630132816.0 | ||
| 008 | 070710s1970 pl a f f 000 0 pol | ||
| 015 | _aPB 1970/5231 | ||
| 040 |
_aWA N _cWA N _dKOSZ 005/RW |
||
| 080 | _a531/534 | ||
| 100 | 1 |
_aZawadzki, Jerzy _d(1923-2000) _eAutor |
|
| 245 | 1 | 0 |
_aMechanika ogólna / _cJerzy Zawadzki, Władysław Siuta. |
| 260 |
_aWarszawa : _bPaństwowe Wydawnictwo Naukowe, _c1970. |
||
| 300 |
_a315, [1] s. : _bil. ; _c24 cm. |
||
| 380 | _aKsiążki. | ||
| 655 | 4 | _aPodręczniki akademickie | |
| 650 | 4 | _aMechanika | |
| 700 | 1 |
_aSiuta, Władysław. _eAutor |
|
| 710 | 2 |
_aPaństwowe Wydawnictwo Naukowe _4pbl. |
|
| 856 |
_uhttp://koha.tu.koszalin.pl/cgi-bin/koha/opac-detail.pl?biblionumber=7748 _yKatalog online BPK |
||
| 942 |
_2UKD _cKS |
||
| 999 |
_c7748 _d7748 |
||